000 00530nam a22001697a 4500
999 _c8738
_d8738
008 201211b ||||| |||| 00| 0 eng d
040 _aBMS College of Architecture
100 _aChitkara, Ramit
245 _aIntegrated tourist hub- Jaipur (RAJ)
300 _av,45p.
500 _a1BM11AT049
502 _8B,Arch
_NBMS College of Architecture, Visvesvaraya Technological University (VTU)
_aProject report
_d2015
650 _aJaipur
700 _aMadhu Divakar J
_eGuide
700 _aArathi K Parigi
_eGuide
942 _2ddc
_cTHE